000 00411nam a2200157Ia 4500
008 240825s9999 xx 000 0 und d
020 _a9789355270641
082 _a515.42
_bFIS
100 _aFisher, Irving
245 2 _aA Brief Introduction to The infinitesimal Calculas
_c/ Fisher, Irving
250 _a1st edition
260 _bMaven
_c2022
300 _a88
650 _aMathematics
942 _cENGLISH
999 _c553270
_d553270